Postavenie súkromných zamestnávateľských (sprostredkovateľských) agentúr vo fungovaní trhu práce
Súkromné sprostredkovateľské agentúry na trhu práce v krajinách s vyspelou ekonomikou. Dohovory Medzinárodnej organizácie práce (MOP) upravujúce charakter tejto činnosti. Vypracovanie kategorizácie a typológie dnešných súkromných sprostredkovateľských agentúr. Súčasný stav v SR.
Uložené v:
| Hlavný autor: | |
|---|---|
| Médium: | Kapitola |
| Jazyk: | Slovak |
| Predmet: | |
| Tagy: |
Žiadne tagy, Buďte prvý, kto otaguje tento záznam!
|
MARC
| LEADER | 00000naa a2200000 4500 | ||
|---|---|---|---|
| 001 | r023728 | ||
| 005 | 20221213113856.3 | ||
| 041 | 0 | |a slo | |
| 044 | |a SK | ||
| 245 | 1 | 0 | |a Postavenie súkromných zamestnávateľských (sprostredkovateľských) agentúr vo fungovaní trhu práce |c A. Homola |
| 520 | |a Súkromné sprostredkovateľské agentúry na trhu práce v krajinách s vyspelou ekonomikou. Dohovory Medzinárodnej organizácie práce (MOP) upravujúce charakter tejto činnosti. Vypracovanie kategorizácie a typológie dnešných súkromných sprostredkovateľských agentúr. Súčasný stav v SR. | ||
| 610 | 2 | 0 | |a agentúry |
| 610 | 2 | 0 | |a sprostredkovanie práce |
| 610 | 2 | 0 | |a MOP |
| 610 | 2 | 0 | |a služby poradenské |
| 610 | 2 | 0 | |a trh práce |
| 610 | 2 | 0 | |a Slovensko |
| 100 | 1 | |a Homola, A. | |